• 首页
  • 本馆介绍
  • 公告通知
  • 最新文献
  • 馆藏检索
  • 电子资源
  • 读者导购
  • 参考咨询
  • 我的图书馆
  • 登录
  • 详细信息显示
  • 放入我的书架
  • 预约/预借图书
  • 作者相关作品
  • 分类相关作品
  • 丛书相关作品
  • 出版社相关作品

书目信息

  • 表格格式
  • 工作单格式
  • 卡片格式
题名:
古今围棋名局鉴赏
    
 
作者: 过惕生 , 过惕生 著
分册:  
出版信息: 北京   人民体育出版社  1982
页数: 370页
开本: 19cm
丛书名:
单 册:
中图分类: G891.3
科图分类:
主题词: 围棋-对局(棋类运动) , 对局(棋类运动)-围棋
电子资源:
ISBN:
000 00761nam0 2200265 45
001 0182002096
005 20061102153845.39
010    @dCNY1.20
091    @a7105.1955
100    @a19950530d1982 em y0chiy0121 ea
101 0  @achi
102    @aCN@b110000
105    @ay z 000yy
106    @ar
200 10 @a古今围棋名局鉴赏@Agu jin wei qi ming ju jian shang@f过惕生著@Fguo ti sheng zhu
210    @a北京@c人民体育出版社@d1982
215    @a370页@d19cm
606    @a围棋-对局(棋类运动)
606    @a对局(棋类运动)-围棋
690    @aG891.3@v3
701  0 @a过惕生@Aguo ti sheng@4著
701  0 @a过惕生@Aguo ti sheng@4著
801  0 @aCN@b上海图书馆@c20061102
801  2 @aCN@bNLC@c20040507
905    @f2@b161697-698@f1@b98936@f1@b209775@dG891.3@e11
    
    古今围棋名局鉴赏/过惕生著.-北京:人民体育出版社,1982
    370页;19cm
    
    
    ISBN :CNY1.20
    
●
相关链接 在E读中查询图书 在五车中查询图书 在当当中查询图书 在豆瓣中查询图书


正题名:古今围棋名局鉴赏     索取号:G891.3/11         预约/预借

序号 登录号 条形码 馆藏地/架位号 状态 备注
1 0098936   000307386   密集书库/ [索取号:G891.3/11] 在馆    
2 0098937   000307395   第一样本阅览室/ [索取号:G891.3/11] 在馆    
3 0161697   000307439   密集书库/ [索取号:G891.3/11] 在馆    
4 0161698   000307377   密集书库/ [索取号:G891.3/11] 在馆    
5 0209775   000307448   密集书库/ [索取号:G891.3/11] 在馆    
唐山师范学院图书馆 欢迎您!
大连网信软件有限公司© 版权所有